| 000 | 00444nam a22001817a 4500 | ||
|---|---|---|---|
| 003 | MPLRDC | ||
| 005 | 20220104144001.0 | ||
| 008 | 210129b ||||| |||| 00| 0 eng d | ||
| 020 | _a962-365-635-1 | ||
| 082 | _a427.16 FLZ c.2 | ||
| 100 | _a冯丽珠 | ||
| 245 |
_a低卡路里甜品 _c |
||
| 250 | _a再版 | ||
| 260 |
_a _b海滨图书公司 _c1999 |
||
| 300 | _b平 | ||
| 650 | _a点心制法; 糕饼制法 | ||
| 942 |
_cBK _o427.16 FLZ c.2 |
||
| 999 |
_c45244 _d45234 |
||